000 00684nam a2200289Ia 4500
005 20260324111441.0
008 008 260324s9999 xx 000 0 eng d
020 _a9781032658988
037 _aEBOOK
040 _aCRL
040 _beng
040 _cCRL
041 _2eng
041 _aeng
084 _qCRL
100 _aBobbie Watts
_91138613
245 0 _aErgonomics and Diversity, Equity, and Inclusion
245 0 _bTheory and Practice
260 _bTaylor and Francis
260 _c2025
365 _a
365 _b260
856 _uhttp://www.taylorfrancis.com/books/9781032658988
942 _cEBOOK
999 _c1727440
_d1727440